Queering Asylum in Europe (Record no. 15429)

MARC details
000 -LEADER
fixed length control field 00748nam a2200121Ia 4500
008 - FIXED-LENGTH DATA ELEMENTS--GENERAL INFORMATION
fixed length control field 220615s9999||||xx |||||||||||||| ||und||
100 ## - MAIN ENTRY--PERSONAL NAME
Personal name Danisi, Carmelo||Dustin, Moira||Ferreira, Nuno||Held, Nina
245 #0 - TITLE STATEMENT
Title Queering Asylum in Europe
Remainder of title Legal and Social Experiences of Seeking International Protection on grounds of Sexual Orientation and Gender Identity
546 ## - LANGUAGE NOTE
Language note English[eng]
650 ## - SUBJECT ADDED ENTRY--TOPICAL TERM
Topical term or geographic name entry element Open access||Sexual orientation or gender identity (SOGI)||European asylum systems||Homophobia and transphobia||SOGI-related asylum claims||Human rights violations||Law, policy and practice||Migration and integration||Refugees||Sexual diversity
856 ## - ELECTRONIC LOCATION AND ACCESS
Uniform Resource Identifier <a href="https://library.oapen.org/bitstream/20.500.12657/50709/1/978-3-030-69441-8.pdf">https://library.oapen.org/bitstream/20.500.12657/50709/1/978-3-030-69441-8.pdf</a>
942 ## - ADDED ENTRY ELEMENTS (KOHA)
Koha item type E-Books
Holdings
Withdrawn status Lost status Damaged status Not for loan Home library Current library Date acquired Total Checkouts Date last seen Price effective from Koha item type
        Kerala University of Digital Sciences, Innovation and Technology Knowledge Centre Kerala University of Digital Sciences, Innovation and Technology Knowledge Centre 15/06/2022   15/06/2022 15/06/2022 E-Books